開示だな風に - Statistics

General Stats
  • This quiz has been taken 58 times
  • The average score is 13 of 22
Answer Stats
Hint Answer % Correct
東京と山梨を結ぶJRの特急列車 かいじ
98%
アルプスの少女 ハイジ
98%
インターネットで悪質な被害を被った場合、個人情報を明かすよう手続きすること 開示
96%
日本の主に海を防衛する組織の略 海自
90%
怪しい出来事のこと 怪事
88%
母体のなかにいる出産までの子ども 胎児
76%
廃止された仏教寺院のこと 廃寺
73%
磁界を発生させる固定子や回転子のこと 界磁
71%
悪いものを追い払ったり倒すこと 退治
71%
山梨北西部の市 甲斐市
63%
期間限定のイベントや催し物 催事
57%
漢字の成り立ちを解明すること 解字
51%
中耳の更に奥にある器官 内耳
51%
戒名を授ける法師のこと 戒師
49%
複数のものが睨み合うこと 対峙
49%
寺に来ること 来寺
49%
特定の文字集合に含まれない文字のこと 外字
37%
〇〇開脚 Y字
29%
民族資本の対義語の略 外資
27%
電線を支えるものと電線を絶縁するための器具 碍子
22%
辞退することの謙譲語 拝辞
22%
朝貢に対して皇帝が返礼したものやすること 回賜
14%
No matching quizzes found
Score Distribution
Percent of People with Each Score
Percentile by Number Answered
Your Score History
You have not taken this quiz